Harper Bioquímica ilustrada (Record no. 1370)
[ view plain ]
| 000 -LEADER | |
|---|---|
| fixed length control field | 00587nam a22002177a 4500 |
| 005 - DATE AND TIME OF LATEST TRANSACTION | |
| control field | 20211020103958.0 |
| 008 - FIXED-LENGTH DATA ELEMENTS--GENERAL INFORMATION | |
| fixed length control field | 211020b |||||||| |||| 00| 0 eng d |
| 020 ## - INTERNATIONAL STANDARD BOOK NUMBER | |
| ISBN | 978-1-4562-6738-4 |
| 040 ## - CATALOGING SOURCE | |
| Transcribing agency | Biblioteca UMAX |
| 041 ## - LANGUAGE CODE | |
| Language code of original | Español |
| 050 ## - LIBRARY OF CONGRESS CALL NUMBER | |
| Classification number | 1400c4 |
| Item number | 612 |
| 082 ## - DEWEY DECIMAL CLASSIFICATION NUMBER | |
| Edition number | 31 |
| CLASIFICACION DEWEY | 612 |
| Item number | 1400c4 |
| 100 ## - MAIN ENTRY--PERSONAL NAME | |
| AUTOR | Rodwell, Victor; Bender, David; Botham, Kathleen; Kenelly, Peter; Weil, Anthony |
| 245 ## - TITLE STATEMENT | |
| Title | Harper Bioquímica ilustrada |
| 250 ## - EDITION STATEMENT | |
| Edition statement | 31 |
| 260 ## - PUBLICATION, DISTRIBUTION, ETC. | |
| Place of publication, distribution, etc. | México |
| Name of publisher, distributor, etc. | McGrawHill |
| Date of publication, distribution, etc. | 2018 |
| 300 ## - PHYSICAL DESCRIPTION | |
| Extent | 782p |
| Other physical details | il. |
| Dimensions | 27cm |
| 490 ## - SERIES STATEMENT | |
| Series statement | 31 |
| 760 ## - MAIN SERIES ENTRY | |
| Edition | 31 |
| 942 ## - ADDED ENTRY ELEMENTS (KOHA) | |
| Source of classification or shelving scheme | Dewey Decimal Classification |
| Koha item type | Books |
| Edition | 31 |
| Withdrawn status | Lost status | Source of classification or shelving scheme | Damaged status | Not for loan | Home library | Current library | Shelving location | Date acquired | Source of acquisition | Cost, normal purchase price | Inventory number | Total Checkouts | Full call number | Barcode | Date last seen | Copy number | Cost, replacement price | Price effective from | Koha item type |
|---|---|---|---|---|---|---|---|---|---|---|---|---|---|---|---|---|---|---|---|
| Dewey Decimal Classification | UMAX Koha | UMAX Koha | General Stacks | 10/07/2021 | Compra Libros Med | 800.00 | 1400c4 | 612ROD1400c4 | 1400c4 | 10/20/2021 | 4 | 800.00 | 10/20/2021 | Books |